LEADER 00693nam a2200205 i 4500 001 000000161335 003 CaOOAMICUS 005 20070514000000.0 008 070514s1969 it u000 u ita u 013 $a138698 040 $aSeMil$bita 245 10$a[Vol. 3]. 300 $aXVII, 937 p., [14] c. di tav. 490 0 $aOrientamenti culturali 773 0 $tLetteratura Italiana.$dMilano : C. Marzorati, 1956-1974.$w()1147 773 0 $tContemporanei.$w()17818 830 0$aOrientamenti culturali.$0(OLS)http://semarc/title/23541 850 $aSeMil 852 $aSeMil$W1$xVenegono$y1$m1C VI 138$j112761$B112761$CSeMilBibl$Z2$F123249 $81 996 $6245$a[Vol. 3]$9(OLS)http://semarc/title/307412 LEADER 01122nam a2200229 4500 001 000000339804 003 CaOOAMICUS 005 20200312113105.0 008 200312s1878 it a 000 u ita r 040 $aSeMil$bita 100 11$aMilani, Gustavo.$0(OLS)http://semarc/name/111132 245 03$aIl primo passo alla scienza :$b principj di scienze fisiche e naturali : opera destinata agli istituti elementari .... /$cGustavo Milani. 250 $a3. ed. riveduta e ampliata dall'autore 264 1$aMilano :$bFratelli Treves,$c1878. 300 $aXI, 612 p. :$bill. ;$c18 cm 650 4$aScienze - Opere anteriori al 1900.$0(OLS)http://semarc/subject/49099 830 0$aBiblioteca utile ;$v158-162.$0(OLS)http://semarc/title/402172 850 $aSeMil 852 $aSeMil$W1$xVenegono$y1$m3XA II 25 FA$j219246$B230987$CSeMilBibl$Z2$F230987 $8I 996 $6245$aIl primo passo alla scienza :$b principj di scienze fisiche e naturali : opera destinata agli istituti elementari ....$9(OLS)http://semarc/title/428741 996 $6264$aMilano :$bFratelli Treves$9(OLS)http://semarc/publisher/30212